000
002770000a22000970004500
100
1
_a
Westhead, Nigel
245
1
0
_a
Adoption in the thought of John Calvin
300
_a
Vol. 13, Num. 2 (1995), Páginas 102-115
773
0
_t
Scottish Bulletin of Evangelical Theology
942
_c
ANA
999
_c
55719
_d
55719